El diálogo norte-sur: Una visión latinoamericana /

Uloženo v:
Podrobná bibliografie
Hlavní autor: Tomassini, Luciano
Médium: Text
Témata:
Tagy: Přidat tag
Žádné tagy, Buďte první, kdo vytvoří štítek k tomuto záznamu!

MARC

LEADER 00000 a a2200000 04500
001 45369
003
040
090 |a REV0780 (9)1980  
100 |a Tomassini, Luciano  
245 |a El diálogo norte-sur:   |b Una visión latinoamericana /  |c Luciano Tomassini  
650 |a PAISES EN DESARROLLO  
650 |a AMERICA LATINA  
650 |a PAISES DESARROLLADOS  
773 |g número9, II Epoca, (1980), páginas 45-63  
999 |c 28742  |d 28742